Größte Gemeinden Österreichs mit "J" - Statistiken

Allgemein
  • Dieses Quiz wurde 82 mal gespielt
  • Das Durchschnittsergebnis liegt bei 5 aus 10
Antwortstatistiken
Einwohner Bezirk Gemeinde % Korrekt
4.105 Jennersdorf Jennersdorf
98%
9.899 Murtal Judenburg
91%
7.175 Schwaz Jenbach
65%
1.635 Neusiedl am See Jois
59%
2.249 Tulln Judenau-Baumgarten
43%
1.084 Gänserndorf Jedenspeigen
39%
1.552 Rohrbach Julbach
31%
1.562 Kitzbühel Jochberg
26%
1.638 Südoststeiermark Jagerberg
24%
1.227 Krems-Land Jaidhof
7%
Keine übereinstimmenden Quizze gefunden
Verteilung der Resultate
Anzahl Personen mit jedem Resultat
Perzentil nach korrekt beantworteten Fragen
Ihre Resultats-Entwicklung
Sie haben dieses Quiz noch nicht gespielt